| 000 | 00451nam a2200157 4500 | ||
|---|---|---|---|
| 999 |
_c509960 _d509960 |
||
| 008 | 190711b ||||| |||| 00| 0 eng d | ||
| 100 |
_aGillingham, Kenneth _96896 |
||
| 245 | _aThe cost of reducing greenhouse gas emissions | ||
| 260 | _c2019 | ||
| 300 | _ap.53-72. | ||
| 650 |
_aGreen house gas emissions _96897 |
||
| 700 |
_aStock, James H. _96898 |
||
| 773 | _aJournal of Economic Perspectives | ||
| 906 | _aClimate change | ||
| 942 |
_2ddc _cAR |
||